00450nam a2200157Ia 4500008004100000020001500041082001500056100001900071245004200090250000700132260003400139300002900173500001900202600002100221650005000242240925s9999 xx 000 0 und d a8187105941 a005.72 CAM aCampbel, Bruce 0aTeach Yourself Dynamic HTML in a week aNA aNew Delhi:bTechmediac,1998. axxiv,733p.bNAfOriginal aIncludes Index aComputer Science aComputer science, information & general works